000 00738nam a2200229Ia 4500
001 8855
003 GE_BSU
008 181216s||||||||xx |||||||||||||| ||und||
040 _cGE_BSU
080 _a821.353.1-22
100 _aკანდელაკი,ვალერიან
245 _aამაღლებული სოფელი
245 _bკომედია 4 მოქმედებად
245 _cრედ. ნ.მალაზონია
260 _aბათუმი
260 _bაჭარის სახელგამი
260 _c1952
300 _a64გვ.21სმ.
653 _aამაღლებული სოფელი
653 _aკომედია
942 _cBK
999 _c42162
_d42162